| 000 | 00836nam a2200241 i 4500 | ||
|---|---|---|---|
| 003 | DO-SdBNP | ||
| 005 | 20240308073622.0 | ||
| 006 | a||||gr|||| 00| 0 | ||
| 007 | ta | ||
| 008 | 240209b190? dr ||||| |||| 00| 0 spa d | ||
| 040 |
_aDO-SdBNP _bspa _cBNPHU _erda |
||
| 082 | 4 |
_222 _aRD863.4 _bC422s |
|
| 100 | 1 |
_aCestero, Tulio M., _q(Tulio Manuel), _d1877-1955 _4autor _91698 |
|
| 245 | 1 | 0 |
_aLa Sangre : _buna vida bajo la tiranía / _cTulio M. Cestero; introducción, Vetilio Alfau Durán |
| 264 |
_a[Santo Domingo] : _b[sin editora identificada], _c[190?] |
||
| 300 |
_a214 páginas ; _c21 cm. |
||
| 336 |
_2rdacontent _atexto _btxt |
||
| 337 |
_2rdamedia _asin mediación _bn |
||
| 338 |
_2rdacarrier _avolumen _bnc |
||
| 590 | _aInventariado 2024 / MF | ||
| 700 | 1 |
_aAlfau Durán, Vetilio, _d1909-1985 _ecompilador _910091 |
|
| 942 |
_2ddc _cLBS1 |
||
| 999 |
_c55883 _d55883 |
||